Międzynarodowe seminarium na temat: "Procesy wyludniania się wsi polskiej na tle Europy Środkowej i Wschodniej", Szymbark, 11-16
| Titel: | Międzynarodowe seminarium na temat: "Procesy wyludniania się wsi polskiej na tle Europy Środkowej i Wschodniej", Szymbark, 11-16 : 09.1989 |
|---|---|
| Verfasser: | |
| Beteiligt: | |
| In: |
Przegla̜d geograficzny, Band 62, Heft 3-4 (1990), Seite 484-487 alle Artikel anzeigen |
| Veröffentlicht: | 1990 (1991) |
| Format: | Aufsatz |
| Sprache: | Polnisch |
X
alg: 39465931 001A $01999:12-11-16 001B $01999:01-06-17 $t17:58:43.000 001C $06050:19-11-16 $t08:53:25.000 001D $01999:12-11-16 001U $0utf8 001X $00 002@ $0Aox 003@ $0394659317 007A $0394659317 $aHEB 007T $0Herdww015703 010@ $apol 011@ $a1990 $n1990 (1991) 021A $aMiędzynarodowe seminarium na temat: "Procesy wyludniania się wsi polskiej na tle Europy Środkowej i Wschodniej", Szymbark, 11-16 $d09.1989 028A $aŻołnierkiewicz-Kasprzyk $dMonika 028B/01 $aŻgliński $dWłodzimierz 031A $d62 $e3-4 $h484-487 $j1990 039B $aIn $8--Abvc--. Przegla̜d geograficzny. - Warszawa : Państwowe Wydawn. Naukowe, 1918-. - ISSN 0033-2143 $x199000000620003516 $9047308648 045T $a14 lok: 39465931 78 exp: 39465931 78 1 #EPN 201B/01 $018-11-16 $t12:19:04.000 201U/01 $0utf8 203@/01 $0790769808 208@/01 $a12-11-16 $be 209A/01 $a/ $f000 $x00 220C/01 $aTitelaufnehmer: GP 220C/01 $aHerkunft: IH UWr 244Z/01 $2Trx $#Silesia $#Śląsk $#Sliezsko $#Slezsko $8--Trx--Schlesien $x01 $9391173987 244Z/01 $2Trx $#Poola $#Lenkija $#Polija $#Polen Land $#Poland $#Lengyelország $#Poľsko $#Polsko $8--Trx--Polska$gkraj $x02 $9391345966 244Z/01 $aGeschichte 1945-1989 $x03 244Z/01 $2Trx $#konverentsid, teaduslikud $#mokslinės konferencijos $#Conferences, scholarly $#konferenciák, tudományos $#konferencje naukowe $#konferencie, vedecké $#konference vědecké $#Tagungen $#obrady $#zasadania $8--Trx--Konferenzen, wissenschaftliche $x04 $9391373897 244Z/01 $2Trx $#demograafia teaduslik $#demografija mokslas $#demography $#demográfia tudomány $#demografia nauka $#demografia náuka $#demografie nauka $8--Trx--Demographie$gWissenschaft $x05 $9391358634 244Z/01 $2Trx $#põllumajandus $#žemės ūkis $#agriculture $#mezögazdaság $#rolnictwo $#poľnohospodárstvo $#zemědělství $8--Trx--Landwirtschaft $x06 $9391356275 244Z/01 $2Trx $8--Trx--Zeitschriftenaufsatz $x07 $9391384341 244Z/01 $2Trx $#tegevusaruanne $#veiklos ataskaitos $#progress reports $#tevékenységi beszámolók $#sprawozdania z działalności $#správy o činnosti $#zprávy o činnosti $8--Trx--Tätigkeitsberichte $x08 $9391354353 244Z/01 $2Trx $#uuringute aruanne $#mokslinės ataskaitos $#Research reports $#kutatói beszámolók $#sprawozdania z badań $#správy výskumné $#zprávy výzkumné $#Literaturberichte $#správy literárne $8--Trx--Forschungsberichte $x09 $9391383523 245Z/01 $a01.05 $x01 247C/01 $82080>Marburg/Lahn, Herder-Institut, Forschungsbibliothek, Bibliographieportal $9336309341
| LEADER | 00000caa a22000002c 4500 | ||
|---|---|---|---|
| 001 | 394659317 | ||
| 003 | DE-603 | ||
| 005 | 20170601175843.0 | ||
| 007 | tu | ||
| 008 | 161112s1990 xx |||| | u00||u|pol c | ||
| 035 | |a (DE-599)HEB394659317 | ||
| 040 | |a DE-603 |b ger |c DE-603 |d DE-603 | ||
| 041 | |a pol | ||
| 084 | |a 14 |2 ssgn | ||
| 100 | 1 | |a Żołnierkiewicz-Kasprzyk, Monika | |
| 245 | 0 | 0 | |a Międzynarodowe seminarium na temat: "Procesy wyludniania się wsi polskiej na tle Europy Środkowej i Wschodniej", Szymbark, 11-16 |b 09.1989 |
| 264 | 0 | |c 1990 (1991) | |
| 700 | 1 | |a Żgliński, Włodzimierz | |
| 773 | 0 | 8 | |i In |t Przegla̜d geograficzny |d Warszawa : Państwowe Wydawn. Naukowe, 1918- |x 0033-2143 |g Band 62, Heft 3-4 (1990), Seite 484-487 |w (DE-603)047308648 |w (DE-600)209415-0 |
| 924 | 0 | |9 2080 |a (DE-603)790769808 |b DE-2080 |c HES |d d |g / | |


